000 00498cam a22002051 4500
001 sa 68002192
003 DLC
005 20260227112440.0
008 881028s1966 xx 000 0 benr
010 _asa 68002192
035 _a(OCoLC)23572771
040 _aDLC
_cMiU
_dDLC
042 _apremarc
050 0 0 _aPK1730.12.B23
_bC3
100 1 _aAbdul, Karim,
_cSarkar,
_d1936-
245 1 0 _aCaitālī hāoỵā.
260 _a[n.p.]
_c[1966]
300 _a91 p.
_c22 cm.
500 _aRomanized.
999 _c78514
_d78514